Mãi dịch phân bón và thuốc sát trùng tại miền Tây Nam phần Việt Nam
محفوظ في:
| المؤلف الرئيسي: | |
|---|---|
| التنسيق: | كتاب |
| اللغة: | Undetermined |
| منشور في: |
Cần Thơ
Viện Đại Học Cần Thơ - Đại Học Nông Nghiệp
1974
|
| الموضوعات: | |
| الوسوم: |
إضافة وسم
لا توجد وسوم, كن أول من يضع وسما على هذه التسجيلة!
|
| Thư viện lưu trữ: | Trung tâm Học liệu Trường Đại học Cần Thơ |
|---|
| LEADER | 00657nam a2200193Ia 4500 | ||
|---|---|---|---|
| 001 | CTU_33589 | ||
| 008 | 210402s9999 xx 000 0 und d | ||
| 082 | |a 338.1 | ||
| 082 | |b M312 | ||
| 100 | |a Trần, Hòa Minh | ||
| 245 | 0 | |a Mãi dịch phân bón và thuốc sát trùng tại miền Tây Nam phần Việt Nam | |
| 245 | 0 | |c Trần Hòa Minh | |
| 260 | |a Cần Thơ | ||
| 260 | |b Viện Đại Học Cần Thơ - Đại Học Nông Nghiệp | ||
| 260 | |c 1974 | ||
| 650 | |a Agriculture | ||
| 650 | |x Economic aspects | ||
| 904 | |i Minh, QHieu đã sửa | ||
| 980 | |a Trung tâm Học liệu Trường Đại học Cần Thơ | ||